Introduction To Artificial Intelligence (Record no. 612686)

000 -LEADER
fixed length control field 00393nam a22001337a 4500
020 ## - INTERNATIONAL STANDARD BOOK NUMBER
International Standard Book Number 9788178080338
040 ## - CATALOGING SOURCE
Transcribing agency Nust
082 ## - DEWEY DECIMAL CLASSIFICATION NUMBER
Classification number 006.3
Author Mark CHA
100 ## - MAIN ENTRY--PERSONAL NAME
Personal name Eugene Charniak
9 (RLIN) 127612
245 ## - TITLE STATEMENT
Title Introduction To Artificial Intelligence
260 ## - PUBLICATION, DISTRIBUTION, ETC.
Place of publication, distribution, etc. New Delhi:
Name of publisher, distributor, etc. Dorling Kindesley Pearson Education,
Date of publication, distribution, etc. 2002.
650 ## - SUBJECT ADDED ENTRY--TOPICAL TERM
Topical term or geographic name entry element Introduction To Artificial Intelligence
9 (RLIN) 127613
942 ## - ADDED ENTRY ELEMENTS (KOHA)
Source of classification or shelving scheme
Koha item type Book
Holdings
Withdrawn status Lost status Source of classification or shelving scheme Damaged status Not for loan Permanent Location Current Location Shelving location Date acquired Total Checkouts Full call number Barcode Date last seen Price effective from Koha item type
          College of Electrical & Mechanical Engineering (CEME) College of Electrical & Mechanical Engineering (CEME) General Stacks 01/16/2025   006.3 CHA CEME- 36369 01/16/2025 01/16/2025 Book
© 2023 Central Library, National University of Sciences and Technology. All Rights Reserved.